000 00303nam a2200109Ia 4500
008 220204s9999 xx 000 0 und d
082 _a301(548.3)
_bRAV
100 _aRavindran, T K
245 0 _aAsan and social revolution in Kerala
260 _aTrivandrum
_bKerala Historical society
_c1972
942 _cBK
999 _c36362
_d36362